[Event "Mistrzostwa Polski Juniorow do lat 18 - Dziewczeta"]
[Site "Ustron – Jaszowiec"]
[Date "1899-12-30"]
[Round "6.13"]
[White "Jakubowska, Urszula"]
[Black "Tkaczyk, Weronika"]
[Result "1-0"]
[WhiteTitle "I"]
[BlackTitle "I"]
[WhiteElo "1412"]
[BlackElo "1565"]

1. Nf3 Nf6 2. e3 b6 3. g3 Bb7 4. Bg2 e6 5. O-O d5 6. b3 Bd6 7. Bb2 Nbd7 8. d4 c5
9. Nbd2 Rc8 10. Rc1 O-O 11. Ne5 Qc7 12. Nxd7 Qxd7 13. dxc5 Bxc5 14. Bxf6 gxf6
15. Ne4 Be7 16. c4 Rfd8 17. Nd2 Kh8 18. Qh5 Ba3 19. Rc2 Rg8 20. Nb1 Bc5 21. Rd1
Rg5 22. Qe2 Qe7 23. cxd5 Bxd5 24. Bxd5 Rxd5 25. Rxd5 exd5 26. b4 Qe4 27. bxc5
Rxc5 28. Na3 d4 29. exd4 Qxd4 30. Rxc5 Qxc5 31. Nc2 b5 32. Ne3 a5 33. Qc2 Qe5
34. Qc8+ Kg7 35. Qg4+ Kf8 36. Qf5 Qa1+ 37. Kg2 Qxa2 38. Qxb5 Qa3 39. Nf5 Qb4 40.
Qxb4+ axb4 41. Nd4 Kg7 42. Kf3 Kg6 43. Ke3 Kg5 44. f3 f5 45. Kd3 f4 46. Kc4 fxg3
47. hxg3 h5 48. Kxb4 f5 49. Ne2 h4 50. gxh4+ Kxh4 51. f4 Kg4 52. Kc4 Kf3 53. Kd4
1-0

[Event "Mistrzostwa Polski Juniorow do lat 18 - Dziewczeta"]
[Site "Ustron – Jaszowiec"]
[Date "1899-12-30"]
[Round "6.14"]
[White "Wierzbowska, Aleksandra"]
[Black "Ziziuk, Martyna"]
[Result "0-1"]
[WhiteTitle "I"]
[BlackTitle "I"]
[WhiteElo "1573"]
[BlackElo "1529"]

1. d4 Nf6 2. c4 g6 3. Nc3 Bg7 4. e4 d6 5. Nf3 O-O 6. Bg5 c6 7. Be2 h6 8. Be3 Ng4
9. O-O Nxe3 10. fxe3 Nd7 11. Qc2 e5 12. Kh1 Qe7 13. d5 Nf6 14. Nd2 h5 15. h3 Bh6
16. Qd3 Nh7 17. Rae1 c5 18. Kh2 Ng5 19. Nd1 Bd7 20. Nf3 a6 21. Nxg5 Bxg5 22. Nc3
Kg7 23. a3 Bh4 24. Rb1 f5 25. exf5 e4 26. Qd1 Qe5+ 27. Kh1 Rxf5 28. Rxf5 Bxf5
29. Qb3 Rb8 30. Qb6 Rf8 31. Qxb7+ Rf7 32. Qb3 Bxh3 33. gxh3 Rf2 34. Qb7+ Kh6 35.
Nxe4 Qh2# 0-1

[Event "Mistrzostwa Polski Juniorow do lat 18 - Dziewczeta"]
[Site "Ustron – Jaszowiec"]
[Date "1899-12-30"]
[Round "6.15"]
[White "Stochnialek, Dominika"]
[Black "Walkowiak, Bogumila"]
[Result "1-0"]
[WhiteTitle "I"]
[BlackTitle "II+"]
[WhiteElo "1499"]
[BlackElo "1345"]

1. e4 e5 2. Nf3 Nc6 3. Bc4 Bc5 4. b4 Bxb4 5. c3 Bc5 6. d4 exd4 7. O-O d3 8. Ng5
Nh6 9. Nxf7 Nxf7 10. Bxf7+ Kxf7 11. Qh5+ g6 12. Qxc5 d6 13. Qd5+ Be6 14. Qxd3
Re8 15. f4 Kg8 16. f5 Ne5 17. Qg3 Bc4 18. Rd1 Qf6 19. Bg5 Qf7 20. Rd2 Nd7 21.
Rd4 Nc5 22. Nd2 Ba6 23. Bh6 Re7 24. Qh4 Rae8 25. Bg5 Re5 26. Bf6 Bd3 27. Bxe5
Rxe5 28. Qg4 Kh8 29. Qf3 Bb5 30. g4 gxf5 31. gxf5 Bc6 32. Kf2 Qf6 33. Qg4 Re7
34. Rg1 Rg7 35. Qxg7+ Qxg7 36. Rxg7 Kxg7 37. Ke3 Kf6 38. Kf4 Na4 39. Rd3 Nc5 40.
Rh3 Kg7 41. Rg3+ Kf7 42. h4 Nd7 43. h5 Nf6 44. Rh3 Kg7 45. h6+ Kf7 46. Re3 b6
47. Nb3 Bb5 48. Nd4 Bc4 49. a3 c5 50. Nf3 Ke7 51. Re1 b5 52. Rg1 Ne8 53. Ng5 Bg8
54. e5 dxe5+ 55. Kxe5 a5 56. Ne4 Bc4 57. Nxc5 a4 58. Ne4 Kf7 59. Ng5+ Kg8 60.
f6 Bb3 61. Rg2 Nc7 62. Rd2 Ne8 63. Rd7 1-0

[Event "Mistrzostwa Polski Juniorow do lat 18 - Dziewczeta"]
[Site "Ustron – Jaszowiec"]
[Date "1899-12-30"]
[Round "6.16"]
[White "Knapik, Julia"]
[Black "Godek, Martyna"]
[Result "1-0"]
[WhiteTitle "I+"]
[BlackTitle "I"]
[WhiteElo "1658"]
[BlackElo "1654"]

1. e4 e6 2. d4 d5 3. Nd2 Nf6 4. e5 Nfd7 5. Bd3 c5 6. c3 Nc6 7. Ne2 c4 8. Bc2 b5
9. Nf3 b4 10. O-O Be7 11. Be3 Nb6 12. Qd2 h6 13. Ng3 h5 14. Ng5 h4 15. Ne2 a5
16. f4 g6 17. Rf3 a4 18. cxb4 Nxb4 19. Rh3 Nxc2 20. Qxc2 a3 21. Bd2 axb2 22. Qxb2
Na4 23. Qc2 Bd7 24. Rb1 Rb8 25. Rxb8 Qxb8 26. Be1 Bxg5 27. fxg5 Nb2 28. Nf4 Ba4
29. Qb1 Kd7 30. a3 Nd1 31. Qxb8 Rxb8 32. Bb4 Rc8 33. Ne2 Nb2 34. Nc3 Bc2 35. Rxh4
Nd3 36. Bd6 Rc6 37. Rh7 Ke8 38. Rh8+ Kd7 39. Rf8 Rb6 40. Rxf7+ Ke8 41. Re7+ Kd8
42. Bc7+ Kxe7 43. Bxb6 Kd7 44. Ba5 Kc6 45. Bb4 Nb2 46. h4 Nd1 47. g4 Ne3 48. h5
gxh5 49. gxh5 Nf5 50. Ne2 Bd1 51. h6 Nh4 52. h7 Ng6 53. Nf4 1-0

[Event "Mistrzostwa Polski Juniorow do lat 18 - Dziewczeta"]
[Site "Ustron – Jaszowiec"]
[Date "1899-12-30"]
[Round "6.17"]
[White "Borkowska, Zuzanna"]
[Black "Hampel, Anna"]
[Result "1/2-1/2"]
[WhiteTitle "I"]
[BlackTitle "I+"]
[WhiteElo "1547"]
[BlackElo "1630"]

1. e4 c5 2. Nf3 e6 3. c3 d5 4. exd5 Qxd5 5. d4 Nf6 6. Bd3 Be7 7. O-O cxd4 8. cxd4
O-O 9. Nc3 Qd6 10. Nb5 Qd8 11. Bg5 Nc6 12. Rc1 Bd7 13. a3 h6 14. Bf4 Nd5 15. Bg3
Qb6 16. b4 Rfd8 17. Bc4 Ncxb4 18. Bxd5 Nxd5 19. Nc7 Rac8 20. Nxd5 exd5 21. Rb1
Qa6 22. Qb3 Bc6 23. a4 Qc4 24. Qe3 Bf6 25. Rfc1 Qxa4 26. Ra1 Qb4 27. Rxa7 Re8
28. Qa3 Qxa3 29. Rxa3 Re2 30. Bf4 Rb2 31. Be3 Be7 32. Ra5 Rd8 33. Ne5 Bb4 34.
Ra7 Rc8 35. h3 f6 36. Nd3 Rb3 37. Nf4 Kf7 38. Nxd5 Ba3 39. Ra1 Bb2 40. R1a5 Bxd5
41. Rxd5 Ke6 42. Raa5 Rc4 43. Rd8 Bc1 44. Rc5 Rxc5 45. dxc5 Bxe3 46. fxe3 Ke7
47. Rb8 Kd7 48. Kf2 g5 49. Rh8 Rb5 50. Rxh6 Ke6 51. Rh7 Kd5 52. Rc7 Ke6 53. Kf3
Rb4 54. g3 Ke5 55. g4 Ke6 56. Ke2 Rb3 1/2-1/2

[Event "Mistrzostwa Polski Juniorow do lat 18 - Dziewczeta"]
[Site "Ustron – Jaszowiec"]
[Date "1899-12-30"]
[Round "7.1"]
[White "Antolak, Julia"]
[Black "Murawko, Julia"]
[Result "1-0"]
[WhiteTitle "WFM"]
[BlackTitle "I++"]
[WhiteElo "2102"]
[BlackElo "1733"]

1. e4 c6 2. d4 d5 3. Nc3 dxe4 4. Nxe4 Nf6 5. Nxf6+ exf6 6. c3 Bd6 7. Bd3 O-O 8.
Ne2 Re8 9. Qc2 h6 10. O-O Nd7 11. Be3 Nf8 12. Rfe1 Qc7 13. Ng3 Bd7 14. Kh1 Re7
15. Ne4 Bf4 16. Bxf4 Qxf4 17. Nc5 Be6 18. Re4 Qc7 19. Nxe6 Rxe6 20. Bc4 Rxe4 21.
Qxe4 Rd8 22. Re1 Rd7 23. h3 g6 24. b4 b5 25. Bb3 Kg7 26. Re3 f5 27. Qe5+ Qxe5
28. Rxe5 Kf6 29. a4 a6 30. axb5 axb5 31. Rc5 Rd6 32. d5 cxd5 33. Bxd5 Rb6 34.
Rc6+ Rxc6 35. Bxc6 Ne6 36. Bxb5 Ke5 37. Bc4 Nd8 38. Kg1 f4 39. Kf1 f5 40. h4 g5
41. hxg5 hxg5 42. Ke2 g4 43. Bb3 Nb7 44. Kd3 Nd6 45. f3 g3 46. c4 Nf7 47. c5 Ng5
48. Ke2 Nh7 49. b5 Nf6 50. Kd3 Nd7 51. Kc4 Nb8 52. b6 1-0

[Event "Mistrzostwa Polski Juniorow do lat 18 - Dziewczeta"]
[Site "Ustron – Jaszowiec"]
[Date "1899-12-30"]
[Round "7.2"]
[White "Kubicka, Anna"]
[Black "Kiolbasa, Oliwia"]
[Result "0-1"]
[WhiteTitle "m"]
[BlackTitle "WIM"]
[WhiteElo "2211"]
[BlackElo "2204"]

1. d4 Nf6 2. c4 c5 3. d5 b5 4. cxb5 a6 5. bxa6 g6 6. Nc3 Bg7 7. g3 O-O 8. Bg2 d6
9. Nf3 Nbd7 10. O-O Bxa6 11. Re1 Qa5 12. Qc2 Nb6 13. e4 Nfd7 14. h4 Nc4 15. Nd2
Na3 16. Qd1 Bd3 17. Nb3 Qa6 18. Re3 c4 19. Rxd3 cxd3 20. Bf1 Bxc3 21. bxc3 Ne5
22. f4 Qa7+ 23. Kg2 Nc2 24. Rb1 Qxa2 25. Kh1 Qxb1 26. Nd2 Ne3 27. Qe1 Qc2 28.
fxe5 Nxf1 0-1

[Event "Mistrzostwa Polski Juniorow do lat 18 - Dziewczeta"]
[Site "Ustron – Jaszowiec"]
[Date "1899-12-30"]
[Round "7.3"]
[White "Dmochowska, Agnieszka"]
[Black "Wojcik, Jagoda"]
[Result "1-0"]
[WhiteTitle "WCM"]
[BlackTitle "I+"]
[WhiteElo "2133"]
[BlackElo "1719"]

1. d4 Nf6 2. c4 e6 3. Nf3 Bb4+ 4. Bd2 Qe7 5. g3 O-O 6. Bg2 d5 7. O-O b6 8. Qc2
Bxd2 9. Nbxd2 Nbd7 10. Rfe1 Bb7 11. cxd5 Nxd5 12. e4 Nb4 13. Qc3 c5 14. a3 Na6
15. d5 exd5 16. exd5 Qd6 17. Nc4 Qxd5 18. Nh4 Qh5 19. Bxb7 Rab8 20. Bf3 Qg5 21.
Rad1 Rbd8 22. Rd5 f5 23. Qe3 Qxe3 24. Rxe3 f4 25. Red3 fxg3 26. hxg3 b5 27. Rxd7
bxc4 28. Rxd8 cxd3 29. Bd5+ Kh8 30. Rxf8# 1-0

[Event "Mistrzostwa Polski Juniorow do lat 18 - Dziewczeta"]
[Site "Ustron – Jaszowiec"]
[Date "1899-12-30"]
[Round "7.4"]
[White "Dwilewicz, Katarzyna"]
[Black "Cieslak, Wiktoria"]
[Result "1-0"]
[WhiteTitle "k"]
[BlackTitle "k++"]
[WhiteElo "1933"]
[BlackElo "1957"]

1. e4 c5 2. Nf3 d6 3. d4 cxd4 4. Nxd4 Nf6 5. Nc3 a6 6. h3 e5 7. Nde2 h5 8. Bg5
Be6 9. Bxf6 Qxf6 10. Nd5 Qd8 11. Nec3 Nd7 12. Bc4 Rc8 13. Bb3 Nc5 14. O-O Qh4
15. Qf3 Rh6 16. Kh2 Qd8 17. Qe3 g5 18. g3 Bg7 19. Rad1 Kf8 20. Rd2 Rg6 21. Qe2
Rb8 22. Rfd1 Bc8 23. Ne3 g4 24. Qc4 Qf6 25. Ncd5 Qf3 26. Nf4 Be6 27. Nxg6+ fxg6
28. Qe2 Bxb3 29. cxb3 Nxe4 30. Qxf3+ gxf3 31. Rc2 Bh6 32. Re1 Nc5 33. Nc4 Rd8
34. Rd1 e4 35. Rxd6 Rxd6 36. Nxd6 b6 37. b4 e3 38. fxe3 Nd3 39. Ne4 Nxb4 40. Rf2
Nd5 41. Rxf3+ Ke7 42. Nc3 Nxe3 43. Rxe3+ Bxe3 44. Nd5+ Kd6 45. Nxe3 Kc5 46. Kg2
Kd4 47. Kf3 g5 48. Nc2+ Ke5 49. Ke3 a5 50. Nd4 Kd5 51. Nf3 g4 52. hxg4 hxg4 53.
Nh2 1-0

[Event "Mistrzostwa Polski Juniorow do lat 18 - Dziewczeta"]
[Site "Ustron – Jaszowiec"]
[Date "1899-12-30"]
[Round "7.5"]
[White "Jurkiewicz, Zuzanna"]
[Black "Parol, Pola"]
[Result "0-1"]
[WhiteTitle "I+"]
[BlackTitle "k+"]
[WhiteElo "1603"]
[BlackElo "1960"]

1. e4 c6 2. d4 d5 3. Nc3 dxe4 4. Nxe4 Nf6 5. Nxf6+ exf6 6. Nf3 Bd6 7. Be2 O-O 8.
O-O Nd7 9. c3 a6 10. b4 Nb6 11. a4 Bg4 12. h3 Bh5 13. Bd3 Nd5 14. Bd2 Bf4 15.
Bxf4 Nxf4 16. Re1 Qd7 17. Kh2 Rfe8 18. Re4 Qd6 19. g3 Rxe4 20. Bxe4 Nxh3 21. Bxh7+
Kxh7 22. Kxh3 Qd5 23. Kg2 Re8 24. Qd3+ g6 25. Rh1 Kg7 26. Rh4 f5 27. a5 Re4 28.
Rh1 Re8 29. Rh4 Re1 30. Rf4 Re4 31. Qd2 f6 32. Qc1 g5 33. Rxe4 Qxe4 34. Qe3 Qd5
35. Qe7+ Bf7 36. Qc5 Qe4 0-1

[Event "Mistrzostwa Polski Juniorow do lat 18 - Dziewczeta"]
[Site "Ustron – Jaszowiec"]
[Date "1899-12-30"]
[Round "7.6"]
[White "Karykowska, Anna"]
[Black "Pluta, Natalia"]
[Result "1-0"]
[WhiteTitle "I++"]
[BlackTitle "I++"]
[WhiteElo "1830"]
[BlackElo "1811"]

1. e4 c5 2. Nf3 d6 3. d4 cxd4 4. Nxd4 Nf6 5. Nc3 g6 6. Be3 Bg7 7. f3 O-O 8. Qd2
Nc6 9. O-O-O d5 10. Qe1 e5 11. Nxc6 bxc6 12. exd5 cxd5 13. Bg5 Be6 14. Bc4 d4
15. Bxe6 fxe6 16. Qxe5 Qc8 17. Qxd4 Nd5 18. Nxd5 exd5 19. Qxd5+ Kh8 20. Be3 Rf5
21. Qd7 Qc4 22. Bd4 Rf7 23. Bxg7+ Rxg7 24. Qd5 Qf4+ 25. Kb1 Rc8 26. Qd4 Qf5 27.
Rd2 h5 28. Re1 Kh7 29. Qe4 Qa5 30. Rd5 1-0

[Event "Mistrzostwa Polski Juniorow do lat 18 - Dziewczeta"]
[Site "Ustron – Jaszowiec"]
[Date "1899-12-30"]
[Round "7.7"]
[White "Marczuk, Anna"]
[Black "Jakubowska, Urszula"]
[Result "1-0"]
[WhiteTitle "k"]
[BlackTitle "I"]
[WhiteElo "2001"]
[BlackElo "1412"]

1. d4 f5 2. c4 Nf6 3. Nc3 e6 4. Nf3 c6 5. Bf4 Be7 6. h3 Na6 7. e3 Nc7 8. Be2 d5
9. c5 Bd7 10. b4 O-O 11. O-O b5 12. a4 a6 13. Qc2 h6 14. Ne5 Be8 15. Ra3 Nh7 16.
Bd3 Ng5 17. Rfa1 Rc8 18. axb5 axb5 19. Ra7 Bf6 20. Nb1 Bxe5 21. Bxe5 Ne4 22. f3
Nf6 23. Nd2 Rf7 24. Qa2 Bd7 25. Nb3 Nfe8 26. Qa5 Qg5 27. Kf2 Qd8 28. Qb6 Qh4+
29. Bg3 Qd8 30. Na5 Na8 31. Qxd8 Rxd8 32. Nb7 Rc8 33. Rxa8 Kh7 34. Nd6 Nxd6 35.
Bxd6 Rxa8 36. Rxa8 g6 37. Rf8 Rxf8 38. Bxf8 h5 39. Kg3 Kg8 40. Bh6 Kh7 41. Bg5
Kg7 42. Kf4 Kf7 43. Ke5 Bc8 44. Kd6 Ke8 45. Kxc6 1-0

[Event "Mistrzostwa Polski Juniorow do lat 18 - Dziewczeta"]
[Site "Ustron – Jaszowiec"]
[Date "1899-12-30"]
[Round "7.8"]
[White "Trybowska, Barbara"]
[Black "Topolan, Agata"]
[Result "1-0"]
[WhiteTitle "I"]
[BlackTitle "k+"]
[WhiteElo "1517"]
[BlackElo "1934"]

1. e4 c6 2. d4 d5 3. exd5 cxd5 4. Nf3 Bg4 5. Be2 Nf6 6. O-O e6 7. Ne5 Bxe2 8. Qxe2
Qb6 9. c3 Bd6 10. f4 Nc6 11. Kh1 h5 12. Nd2 Bxe5 13. fxe5 Ng4 14. Nf3 Ne7 15.
Nh4 g6 16. Bg5 Nh6 17. Bxh6 Rxh6 18. Rf6 Ng8 19. Rf2 g5 20. Nf3 Rg6 21. Raf1 Nh6
22. Ne1 g4 23. Nd3 Nf5 24. Nf4 Rh6 25. Nxd5 Qd8 26. Ne3 Ng3+ 27. hxg3 h4 28. Qb5+
Kf8 29. Rxf7+ Kg8 30. Nxg4 Rh8 31. Rg7+ Kxg7 32. Qxb7+ Kg6 33. Qf7+ Kg5 34. Qg7+
1-0

[Event "Mistrzostwa Polski Juniorow do lat 18 - Dziewczeta"]
[Site "Ustron – Jaszowiec"]
[Date "1899-12-30"]
[Round "7.9"]
[White "Stebel, Agata"]
[Black "Ciesinska, Weronika"]
[Result "1/2-1/2"]
[WhiteTitle "k"]
[BlackTitle "I"]
[WhiteElo "1795"]
[BlackElo "1676"]

1. d4 Nf6 2. Nc3 d5 3. Bg5 Nbd7 4. f3 e6 5. e4 Be7 6. e5 Ng8 7. Be3 c5 8. f4 cxd4
9. Bxd4 a6 10. Nf3 f6 11. Qd2 fxe5 12. fxe5 Nh6 13. Bd3 O-O 14. O-O-O b5 15. h4
Nf5 16. Bf2 Nc5 17. g4 Nh6 18. Ng5 Nxd3+ 19. Qxd3 Bxg5+ 20. hxg5 Rxf2 21. gxh6
Qg5+ 22. Kb1 Ra7 23. a3 Raf7 24. hxg7 Qxg7 25. Rh4 Qg6 26. Qxg6+ hxg6 27. Rd3
Rh7 28. Rxh7 Kxh7 29. Kc1 Rf4 30. Kd2 Rxg4 31. Rf3 Kg7 32. Ne2 Re4 33. Nf4 Rxe5
34. Nxg6 Kxg6 35. Rf8 Rf5 36. Rg8+ Kf7 37. Rxc8 Rf6 38. Rc7+ Kg6 39. Ra7 e5 40.
Rd7 d4 41. Re7 Kf5 42. Kd3 Rd6 43. Re8 Rf6 44. Re7 Kf4 45. Re8 Kf5 46. Re7 Rg6
47. Rf7+ Ke6 48. Rf8 Rg3+ 49. Ke2 Kd5 50. Kf2 Rg6 51. Re8 e4 52. Rd8+ Rd6 53.
Re8 d3 54. Rc8 d2 55. Ke2 e3 56. Re8 Kc6 57. Kd1 Kc5 58. Rxe3 b4 59. Rd3 Rg6 60.
axb4+ Kxb4 61. Rb3+ Kc4 62. Rc3+ Kb4 63. Kxd2 Rg2+ 64. Kd3 Rg3+ 65. Kd4 Rxc3 66.
bxc3+ Kb5 67. c4+ Kc6 68. c5 a5 69. Kc4 a4 70. Kb4 a3 71. Kxa3 Kxc5 72. Kb3 Kb5
73. c3 Kc5 74. c4 Kc6 75. Kb4 Kb6 76. c5+ Kc6 77. Kc4 Kc7 78. Kd4 Kc6 79. Kc4
Kc7 80. Kd5 Kd7 81. c6+ Kc7 82. Kc5 Kc8 83. Kd6 1/2-1/2

[Event "Mistrzostwa Polski Juniorow do lat 18 - Dziewczeta"]
[Site "Ustron – Jaszowiec"]
[Date "1899-12-30"]
[Round "7.10"]
[White "Kozubal, Aleksandra"]
[Black "Przepiora, Anna"]
[Result "1-0"]
[WhiteTitle "I++"]
[BlackTitle "II+"]
[WhiteElo "1747"]
[BlackElo "1354"]

1. d4 d5 2. c4 e6 3. Nc3 Nf6 4. Bf4 Bd6 5. Bxd6 Qxd6 6. c5 Qe7 7. f4 O-O 8. e3
c6 9. Bd3 b6 10. b4 a5 11. a3 Ba6 12. Bc2 Nbd7 13. Nf3 bxc5 14. bxc5 Nxc5 15.
dxc5 Qxc5 16. Qd4 Qe7 17. h3 c5 18. Qd2 Rfb8 19. Kf2 Qd8 1-0

[Event "Mistrzostwa Polski Juniorow do lat 18 - Dziewczeta"]
[Site "Ustron – Jaszowiec"]
[Date "1899-12-30"]
[Round "7.11"]
[White "Daliga, Anita"]
[Black "Posuniak, Weronika"]
[Result "0-1"]
[WhiteTitle "I+"]
[BlackTitle "I++"]
[WhiteElo "1543"]
[BlackElo "1803"]

1. e4 c6 2. d4 d5 3. Nc3 dxe4 4. Nxe4 Bf5 5. Ng3 Bg6 6. Nh3 h6 7. Nf4 Bh7 8. Bc4
Nf6 9. O-O Bg8 10. Re1 Nbd7 11. c3 Nb6 12. Bb3 Qd7 13. Nd3 O-O-O 14. Ne5 Qe8 15.
Qe2 e6 16. a4 h5 17. a5 Na8 18. Ba4 Nc7 19. b4 Bd6 20. Bg5 Be7 21. Qb2 h4 22.
Nf1 h3 23. g3 Nfd5 24. Be3 f6 25. Nf3 Qh5 26. N1d2 Bh7 27. Bd1 Qf7 28. Be2 a6
29. Nb3 g5 30. Nc5 g4 31. Nd2 f5 32. Nc4 Rhg8 33. Ne5 Qh5 34. c4 Nf6 35. Ncd3
Ne4 36. Nf4 Qe8 37. Bd3 Nd6 38. Rec1 Kb8 39. Rab1 Bg5 40. Re1 Rg7 41. Ne2 Nf7
42. Nxf7 Qxf7 43. Bxg5 Rxg5 44. Nf4 Qd7 45. Bf1 Bg8 46. Rbd1 Rg7 47. Rd2 Ne8 48.
Red1 Qc7 49. b5 cxb5 50. cxb5 axb5 51. Qxb5 Nd6 52. Qb4 Ne4 53. Rb2 Ng5 54. Be2
Ka7 55. Qb6+ Kb8 56. Qxc7+ Rxc7 57. a6 Ka7 58. Rdb1 Rdd7 59. Rxb7+ Rxb7 60. axb7
Rxb7 61. Rxb7+ Kxb7 62. Kf1 Kc6 63. Ke1 Kd6 64. Kd1 Bf7 65. Kc2 Be8 66. Kb3 Ne4
67. Nd3 Bb5 68. Nf4 Bxe2 69. Nxe2 Nxf2 70. Kc4 Ne4 71. Kd3 Ng5 72. Ng1 Nf3 73.
Nxf3 gxf3 74. Ke3 Kd5 75. Kxf3 Kxd4 76. Kf2 Kd3 77. Ke1 Ke3 78. Kf1 Kd2 79. Kf2
e5 80. g4 fxg4 81. Kg3 e4 82. Kxg4 e3 83. Kxh3 e2 84. Kg4 e1=Q 85. h4 Qe7 86.
h5 Qf6 87. Kh3 Qg5 0-1

[Event "Mistrzostwa Polski Juniorow do lat 18 - Dziewczeta"]
[Site "Ustron – Jaszowiec"]
[Date "1899-12-30"]
[Round "7.12"]
[White "Ziziuk, Martyna"]
[Black "Knapik, Julia"]
[Result "1/2-1/2"]
[WhiteTitle "I"]
[BlackTitle "I+"]
[WhiteElo "1529"]
[BlackElo "1658"]

1. c4 e5 2. Nc3 Nf6 3. g3 d5 4. cxd5 Nxd5 5. Bg2 Nb6 6. Nf3 Nc6 7. O-O Be7 8. d3
O-O 9. b3 Re8 10. Bb2 Bf8 11. Rc1 a6 12. Nd2 Nd4 13. e3 Nf5 14. Nc4 c6 15. Ne4
f6 16. Qc2 Nd5 17. Qd2 Nh6 18. Nc3 Nxc3 19. Qxc3 Nf7 20. Rfd1 Bg4 21. Re1 Ng5
22. Nd2 a5 23. a3 Qd7 24. f3 Bh3 25. Ne4 Nxe4 26. dxe4 Be6 27. Bf1 Qf7 28. Bc4
Bxc4 29. Qxc4 Qxc4 30. bxc4 Red8 31. Red1 Bc5 32. Kf2 Kf7 33. Ke2 Ke6 34. a4 Bb4
35. Bc3 Ke7 36. Rc2 Rd7 37. Rxd7+ Kxd7 38. Rd2+ Ke7 39. Rd3 Rg8 40. Kd2 g5 41.
Kc2 c5 42. Rd2 Rc8 43. Rd5 b6 44. Rd2 Rc6 45. Rd5 h5 46. h3 Rc8 47. Rd2 Rg8 48.
Rh2 Ke6 49. Rh1 h4 50. g4 Rd8 51. Re1 Rd6 1/2-1/2

[Event "Mistrzostwa Polski Juniorow do lat 18 - Dziewczeta"]
[Site "Ustron – Jaszowiec"]
[Date "1899-12-30"]
[Round "7.13"]
[White "Winter, Anna"]
[Black "Stochnialek, Dominika"]
[Result "1-0"]
[WhiteTitle "I+"]
[BlackTitle "I"]
[WhiteElo "1503"]
[BlackElo "1499"]

1. e4 c5 2. Nf3 d6 3. d4 cxd4 4. Nxd4 Nf6 5. Nc3 g6 6. Be2 Bg7 7. O-O O-O 8. Be3
Nc6 9. Nb3 a6 10. f4 Be6 11. h3 Bxb3 12. axb3 b5 13. Bf3 e5 14. f5 Ne7 15. g4
Qc7 16. g5 Nd7 17. f6 Nxf6 18. gxf6 Bxf6 19. Qd2 Bg7 20. Rac1 Rad8 21. Qf2 Qd7
22. Kh2 f5 23. Qd2 f4 24. Bf2 g5 25. Rfd1 Qe8 26. Bb6 Rb8 27. Qxd6 Rf6 28. Qxb8
Qxb8 29. Rd8+ Qxd8 30. Bxd8 Kf8 31. Bxe7+ Kxe7 32. Nd5+ Kd6 33. Nxf6 Bxf6 34.
Ra1 1-0

[Event "Mistrzostwa Polski Juniorow do lat 18 - Dziewczeta"]
[Site "Ustron – Jaszowiec"]
[Date "1899-12-30"]
[Round "7.14"]
[White "Pedrak, Paulina"]
[Black "Kalinowska, Karolina"]
[Result "0-1"]
[WhiteTitle "I"]
[BlackTitle "I"]
[WhiteElo "1466"]
[BlackElo "1525"]

1. e4 e6 2. d4 d5 3. Nd2 Nf6 4. e5 Nfd7 5. Bd3 c5 6. c3 Nc6 7. Ndf3 cxd4 8. cxd4
f6 9. exf6 Qxf6 10. Ne2 h6 11. O-O Bd6 12. Qc2 O-O 13. Be3 Nb4 14. Bh7+ Kh8 15.
Qb1 e5 16. dxe5 Nxe5 17. Nxe5 Bxe5 18. Bc5 Nc6 19. Bxf8 Bxb2 20. Bxg7+ Qxg7 21.
Bc2 Bg4 22. Nf4 Nd4 23. Ng6+ Kg8 24. f3 Bh5 25. g4 Nxc2 26. gxh5 Nxa1 27. Qf5
Qf7 28. Qb1 Bd4+ 29. Kh1 Re8 30. Qd3 Qf6 31. Qb5 Qe6 32. Qxb7 Qf7 33. Qb4 Nc2
34. Qd2 Qf5 35. Qxh6 Re1 36. Kg2 Ne3+ 37. Qxe3 Rxe3 38. Nh4 Qg5+ 39. Kh1 Re2 0-1

[Event "Mistrzostwa Polski Juniorow do lat 18 - Dziewczeta"]
[Site "Ustron – Jaszowiec"]
[Date "1899-12-30"]
[Round "7.15"]
[White "Tkaczyk, Weronika"]
[Black "Wierzbowska, Aleksandra"]
[Result "0-1"]
[WhiteTitle "I"]
[BlackTitle "I"]
[WhiteElo "1565"]
[BlackElo "1573"]

1. e4 c5 2. Nf3 Nc6 3. c3 Nf6 4. e5 Nd5 5. d4 cxd4 6. cxd4 d6 7. Bc4 Nb6 8. Bd3
dxe5 9. dxe5 Bg4 10. Bf4 g6 11. O-O Bg7 12. Re1 O-O 13. Nc3 Qb8 14. Qe2 Nd4 15.
Qe3 Nxf3+ 16. gxf3 Be6 17. Kh1 Qc8 18. Rg1 Rd8 19. Rad1 Nc4 20. Qe2 Rd4 21. Ne4
Qd8 22. Ng5 Bd5 23. Bg3 f6 24. Nh3 Nb6 25. Rd2 0-1

[Event "Mistrzostwa Polski Juniorow do lat 18 - Dziewczeta"]
[Site "Ustron – Jaszowiec"]
[Date "1899-12-30"]
[Round "7.16"]
[White "Walkowiak, Bogumila"]
[Black "Borkowska, Zuzanna"]
[Result "1/2-1/2"]
[WhiteTitle "II+"]
[BlackTitle "I"]
[WhiteElo "1345"]
[BlackElo "1547"]

1. e4 c5 2. Nf3 Nc6 3. d4 cxd4 4. Nxd4 g6 5. Nc3 Bg7 6. Be3 Nf6 7. Be2 O-O 8. O-O
d5 9. Nxc6 bxc6 10. exd5 cxd5 11. Bd4 Bb7 12. Bf3 e6 13. Na4 Bc6 14. Nc5 Re8 15.
Re1 Rc8 16. c3 Ba8 17. Nd3 a6 18. Ne5 Nd7 19. Qa4 Nxe5 20. Bxe5 Bxe5 21. Rxe5
Qd6 22. Ree1 h5 23. Red1 Red8 24. Be2 Bb7 25. Rd2 Qb6 26. Qd4 Qxd4 27. Rxd4 e5
28. Ra4 Rc6 29. Rd1 Rcd6 30. Ra5 f6 31. Rc5 Kf7 32. Rc7+ R8d7 33. Rxd7+ Rxd7 34.
f3 Ke6 35. Kf2 Kd6 36. Ke3 f5 37. f4 e4 38. h3 h4 39. Bc4 Kc5 40. Bb3 Bc6 41.
Rd4 Bb5 42. Ba4 Re7 43. Bxb5 axb5 44. a4 Rb7 45. b4+ Kc6 46. a5 Rg7 47. Rd2 Rc7
48. Ra2 Kb7 49. Kd4 Rc4+ 50. Kxd5 Rxc3 51. Rb2 Rd3+ 52. Ke5 e3 53. Re2 Rb3 54.
Kf6 Rxb4 55. Rxe3 1/2-1/2

[Event "Mistrzostwa Polski Juniorow do lat 18 - Dziewczeta"]
[Site "Ustron – Jaszowiec"]
[Date "1899-12-30"]
[Round "7.17"]
[White "Hampel, Anna"]
[Black "Godek, Martyna"]
[Result "1/2-1/2"]
[WhiteTitle "I+"]
[BlackTitle "I"]
[WhiteElo "1630"]
[BlackElo "1654"]

1. e4 e6 2. d4 d5 3. e5 c5 4. Nf3 b6 5. Be2 Ba6 6. Nc3 Bxe2 7. Nxe2 Nc6 8. O-O
Qd7 9. Bf4 O-O-O 10. Nc3 h5 11. Re1 Nh6 12. a3 Nf5 13. Ne2 f6 14. dxc5 Bxc5 15.
b4 Be7 16. Ned4 Nfxd4 17. Nxd4 fxe5 18. Nxc6 Qxc6 19. Bxe5 Bf6 20. Qe2 Rde8 21.
Rac1 b5 22. Rcd1 Kd7 23. Rd3 Bxe5 24. Qxe5 Re7 25. Rc3 Qd6 26. Qd4 Qb6 27. Qxb6
axb6 28. Re5 g6 29. Kf1 Rf8 30. Rg3 Ref7 31. f3 Rf6 32. Reg5 Ra8 33. Ke2 Rxa3
34. Rxg6 Rf4 35. Rg7+ Kd6 36. Rb7 Ra6 37. c3 Rc4 38. Rgg7 Ke5 39. Rg5+ Kf6 40.
Rxh5 Rxc3 1/2-1/2

[Event "Mistrzostwa Polski Juniorow do lat 18 - Dziewczeta"]
[Site "Ustron – Jaszowiec"]
[Date "1899-12-30"]
[Round "8.1"]
[White "Kiolbasa, Oliwia"]
[Black "Murawko, Julia"]
[Result "1-0"]
[WhiteTitle "WIM"]
[BlackTitle "I++"]
[WhiteElo "2204"]
[BlackElo "1733"]

1. e4 c5 2. Nf3 d6 3. c3 Nf6 4. Bd3 Nc6 5. h3 g6 6. O-O Bg7 7. Bc2 O-O 8. d4 cxd4
9. cxd4 e5 10. d5 Nb4 11. Bb3 Na6 12. Nc3 Nc5 13. Bc2 a5 14. Be3 b6 15. Re1 Ba6
16. a3 Qc7 17. Rc1 Rac8 18. b4 Ncd7 19. Bd3 Bxd3 20. Qxd3 Qb8 21. Nb5 Rxc1 22.
Rxc1 Ne8 23. Rc6 axb4 24. axb4 h6 25. Qd2 Kh7 26. Qc2 Rg8 27. Nd2 Rf8 28. Rc8
Qb7 29. Qc6 Qxc6 30. dxc6 Ndf6 31. Bxb6 d5 32. exd5 Nxd5 33. Bc5 Rg8 34. Rd8 Ndc7
35. Nxc7 Nxc7 36. Rxg8 Kxg8 37. Bd6 Nb5 38. Nc4 Bf8 39. c7 1-0

[Event "Mistrzostwa Polski Juniorow do lat 18 - Dziewczeta"]
[Site "Ustron – Jaszowiec"]
[Date "1899-12-30"]
[Round "8.2"]
[White "Antolak, Julia"]
[Black "Dwilewicz, Katarzyna"]
[Result "1/2-1/2"]
[WhiteTitle "WFM"]
[BlackTitle "k"]
[WhiteElo "2102"]
[BlackElo "1933"]

1. e4 e5 2. Nf3 Nc6 3. Bb5 a6 4. Ba4 Nf6 5. O-O Nxe4 6. d4 b5 7. Bb3 d5 8. dxe5
Be6 9. Be3 Be7 10. c3 O-O 11. Re1 Qd7 12. Nbd2 Nc5 13. Bc2 Bg4 14. b4 Na4 15.
Bxa4 bxa4 16. Qxa4 Nxe5 17. Qxd7 Nxd7 18. Bf4 Bf6 19. Ne5 Bf5 20. Nxd7 Bxd7 21.
Be5 a5 22. bxa5 Bxe5 23. Rxe5 Rxa5 24. Nb3 Rb5 25. Rd1 Re8 26. Rxe8+ Bxe8 27.
Kf1 Kf8 28. Ke2 Ke7 29. Ke3 Bd7 30. Rd2 g6 31. f3 h5 32. Rd4 f6 33. h4 Bf5 34.
Ra4 Bc2 35. Ra7 Bxb3 36. axb3 Rxb3 37. Rxc7+ Kd6 38. Rg7 Rxc3+ 39. Kd2 Rc4 40.
g3 g5 41. hxg5 fxg5 42. Rxg5 h4 43. gxh4 1/2-1/2